Normal view
MARC view
- Master of business administration degree
Entry Topical Term
001 - CONTROL NUMBER
- control field: 95312
003 - CONTROL NUMBER IDENTIFIER
- control field: NUST
005 - DATE AND TIME OF LATEST TRANSACTION
- control field: 20220726155520.0
008 - FIXED-LENGTH DATA ELEMENTS
- fixed length control field: 220726|| aca||aabn | a|a d
040 ## - CATALOGING SOURCE
- Original cataloging agency: NUST
- Transcribing agency: NUST
150 ## - HEADING--TOPICAL TERM
- Topical term or geographic name entry element: Master of business administration degree
670 ## - SOURCE DATA FOUND
- Source citation: Work cat.: (NUST)0: Isiadinso, Chioma. 95310, The best business schools' admissions secrets :
